El libro de los secretos / (Registro nro. 11352)

Detalles MARC
000 -LIDER
fixed length control field 01324cam a2200409 4500
001 - NÚMERO DE CONTROL
Identificador de número de control 55460
003 - IDENTIFICACDOR DE NÚMERO DE CONTROL
control field DO-SdBNP
005 - DATE AND TIME OF LATEST TRANSACTION
control field 20240126081711.0
007 - CAMPOS FIJOS DE DESCRIPCIÓN FÍSICA
fixed length control field 55460
008 - ELEMENTOS DE LONGITUD FIJA
fixed length control field 090625s 2011 sp |||| 000 0 spa
015 ## - NÚMERO DENTRO DE LA BIBLIOGRAFÍA NACIONAL
National bibliography number
017 ## - NÚMERO DE REGISTRO DE DERECHOS DE AUTOR
Copyright or legal deposit number
Assigning agency
020 ## - ISBN
International Standard Book Number 9788466321976
035 ## - NÚMERO LOCAL
System control number
040 ## - FUENTE DE CATALOGACIÓN
Agencia que crea de manera original el registro BPMSU
Idioma de catalogación spa
Agencia que realiza la transcripción BPMSU
Convenciones de la despripción
080 ## - NÚMERO DE CLASIFICACIÓN DECIMAL UNIVERSAL
Universal Decimal Classification number
080 ## - NÚMERO DE CLASIFICACIÓN DECIMAL UNIVERSAL
Universal Decimal Classification number
082 #4 - NÚMERO DE CLASIFICACIÓN DECIMAL DE DEWEY
Classification number 158.1
Item number C549l 2011
Edition number 22
100 1# - ASIENTO PRINCIPAL -- NOMBRE PERSONAL
Nombre personal Chopra, Deepak,
Fechas asociadas con el nombre 1947-
245 13 - MENCIÓN DE TITULO
Título El libro de los secretos /
Mención de responsabilidad Deepak Chopra ; traducción de Gerardo Hernández Clark.
Subtítulo
246 14 - VARIACION DEL TÍTULO
Título propiamente dicho o título corto El libro de los secretos :
Subtítulo descubre quiénes somos, de dónde venimos y por qué estamos en esta vida
250 ## - MENCIÓN DE EDICION
Mención de edición 2a. ed.
260 ## - PUBLICACIÓN, DISTRIBUCIÓN, ETC. (PIE DE IMPRENTA)
Lugar de publicación, distribución, etc [Madrid] :
Nombre del editor, distribuidor, etc. Santillana Ediciones Generales,
Fecha de publicación, distribución, etc 2011.
300 ## - DESCRIPCIÓN FÍSICA
Extensión 308 p. ;
Dimensiones 19 cm
490 0# - MENCIÓN DE SERIES
Mención de serie Punto de lectura
Volume/sequential designation 283/3
500 ## - NOTA GENERAL
Nota general Incluye datos biográficos del autor en la solapa
534 ## - NOTA SOBRE LA VERSIÓN ORIGINAL
Asiento principal del original Título original :
Mención del título original The book of secrets: Unlocking the hidden simensions of your life.
590 ## - NOTA LOCAL
Texto de la nota local Inventariado, 2024/VM
650 #4 - ENCABEZAMIENTO DE MATERIA--TEMÁTICO
Término temático o nombre geográfico como elemento de entrada Vida espiritual
650 #4 - ENCABEZAMIENTO DE MATERIA--TEMÁTICO
Término temático o nombre geográfico como elemento de entrada Meditaciones
650 #4 - ENCABEZAMIENTO DE MATERIA--TEMÁTICO
Término temático o nombre geográfico como elemento de entrada Espiritualidad.
650 #4 - ENCABEZAMIENTO DE MATERIA--TEMÁTICO
Término temático o nombre geográfico como elemento de entrada Psicología aplicada
650 #4 - ENCABEZAMIENTO DE MATERIA--TEMÁTICO
Término temático o nombre geográfico como elemento de entrada Habilidades para la vida
700 1# - ASIENTO SECUNDARIO -- NOMBRE PERSONAL
Nombre personal Hernández Clark, Gerardo,
Mención de responsabilidad tr.
910 ## - VALIDACIÓN
Validación VMateo V. Control de calidad. BPMSU
942 ## - ADDED ENTRY ELEMENTS (KOHA)
Source of classification or shelving scheme Dewey Decimal Classification
Koha item type Libros
Existencias
Withdrawn status Lost status Source of classification or shelving scheme Damaged status Not for loan Collection code Home library Current library Date acquired Source of acquisition Total Checkouts Full call number Barcode Date last seen Price effective from Koha item type Copy number
    Dewey Decimal Classification     Colección General Biblioteca Pública Metropolitana Salomé Ureña Biblioteca Pública Metropolitana Salomé Ureña 09/13/2016 ALFAGUARA   BPMSU CG 158.1 C549l 2011 BPMSU16090229 09/13/2016 09/13/2016 Libros  
    Dewey Decimal Classification     Colección General Biblioteca Pública Metropolitana Salomé Ureña Biblioteca Pública Metropolitana Salomé Ureña 09/13/2016 ALFAGUARA   BPMSU CG 158.1 C549l 2011 BPMSU16090230 09/13/2016 09/13/2016 Libros e.2